| 000 | 00732nam a22002055i 4500 | ||
|---|---|---|---|
| 001 | 171487 | ||
| 003 | ES-MaACL | ||
| 005 | 20250829131212.0 | ||
| 008 | 090519s1967 sp |||| | spa d | ||
| 080 | _a111 | ||
| 100 | 1 |
_aSolages, Bruno de. _9140206 |
|
| 245 | 1 | 0 |
_aIniciación metafísica al universo _b: el hombre, Dios, el conocimiento, la acción / _cBruno de Solages ; [traducción por J. A. S., S. J.]. |
| 260 |
_aMadrid : _bRazón y Fe, _c[1967] |
||
| 300 |
_a466 p. ; _c21 cm. |
||
| 490 | 1 | _aBiblioteca de filosofía y pedagogía | |
| 650 | 7 |
_aMetafísica _2embne _915012 |
|
| 830 | 1 | 0 |
_aBiblioteca de filosofía y pedagogía (Razón y Fe) _9181685 |
| 852 | 4 |
_aES-MaACL _jC-33524 |
|
| 999 |
_c171487 _d171487 |
||